000 02248nam0a2200373 4500
001 RU\NLR\BIBL_A\011790813
005 20180927153127.0
010 _a978-5-91776-227-2
_947
021 _aRU
_bКН-П-18-058267
_9КН-П-18-4202
035 _a(NLR Aleph) 011790813
035 _a(RuMoRGB)009708375
090 _a11821127
_c11821127
100 _a20180912d2018 k y0rusy50 ca
101 0 _arus
102 _aRU
105 _ay|||z|||010zy
200 1 _aПравовые и организационные основы обеспечения общественной безопасности в Российской Федерации
_eмонография
_f[Ильичёв И.Е., д-р юрид. наук, профессор, Богмацера Э.В., канд. юрид. наук, доцент, Буняева К.В., канд. юрид. наук, доцент и др.
_gпод общей ред. д.ю.н., проф. И.Е. Ильичёва]
_gБелгородский юридический институт МВД России имени И.Д. Путилина
210 _aБелгород
_cБелгородский юридический институт МВД России имени И.Д. Путилина
_d2018
215 _a169 с.
_d21
300 _aАвт. указаны на обороте тит. л.
300 _aНа обл.: 300 лет рос. полиции. 1718-2018
320 _aБиблиогр.: с. 153-169 (308 назв.) и в подстроч. примеч.
606 1 _aСоциальная безопасность
_xПравовые вопросы
_yРоссийская Федерация
_2nlr_sh1
_2nlr_sh2
_3RU\NLR\AUTH\661419453
686 1 _aХ621.163
701 1 _aИльичёв
_bИ. Е.
_gИгорь Евгеньевич
701 1 _aБогмацера
_bЭ. В.
_gЭдуард Викторович
701 1 _aБуняева
_bК. В.
_gКарина Владимировна
712 0 2 _aБелгородский юридический институт им. И. Д. Путилина
_3RU\NLR\AUTH\8810005810
_4475
942 _cBOOK
980 _aNBR
980 _aNB